000 00493nam a2200205Ia 4500
008 210210b1914 xxu||||| |||| 00| 0 eng d
041 _aeng
082 _a543/99
100 _aJEFFERY (F H)
245 _aNotes on elementary inorganic chemistry
260 _aCambridge
_bAt the University Press
_c1914
300 _a55
650 _aon
650 _aNotes
650 _ainorganic
650 _aelementary
650 _achemistry
690 _aInorganic Chemistry
906 _a009511
999 _c126968
_d126968